Central Library OPAC University of Rajshahi

Landscape detailing / (Record no. 61922)

MARC details
000 -LEADER
fixed length control field 00967nam a2200301 a 4500
001 - CONTROL NUMBER
control field 61922
003 - CONTROL NUMBER IDENTIFIER
rucl marc code BD-RjUL
005 - DATE AND TIME OF LATEST TRANSACTION
control field 20211209081023.0
008 - FIXED-LENGTH DATA ELEMENTS--GENERAL INFORMATION
fixed length control field 170122m1994 ii a b 000 0 eng d
020 ## - INTERNATIONAL STANDARD BOOK NUMBER
International Standard Book Number 0750613041 (v. 1) :
Terms of availability £25.00
International Standard Book Number 0750613033 (v. 2) :
Terms of availability £25.00
035 ## - SYSTEM CONTROL NUMBER
System control number (BD-RjUL)62047
040 ## - CATALOGING SOURCE
Original cataloging agency BD-RjUL
Transcribing agency BD-RjUL
Modifying agency BD-RjUL
Language of cataloging eng
041 ## - LANGUAGE CODE
Language code of text/sound track or separate title eng
082 00 - DEWEY DECIMAL CLASSIFICATION NUMBER
Classification number 717
Edition number 23
Author mark and year LIL 1994
100 1# - MAIN ENTRY--PERSONAL NAME
Personal name Littlewood, Michael.
9 (RLIN) 184306
245 10 - TITLE STATEMENT
Title Landscape detailing /
Statement of responsibility, etc. Michael Littlewood.
250 ## - EDITION STATEMENT
Edition statement 3rd ed.
260 ## - PUBLICATION, DISTRIBUTION, ETC. (IMPRINT)
Place of publication, distribution, etc. Delhi :
Name of publisher, distributor, etc. CBS Pub. & Distri. ,
Date of publication, distribution, etc. 1994
300 ## - PHYSICAL DESCRIPTION
Pagination v. :
Illustrations ill. ;
Size 30 cm.
504 ## - BIBLIOGRAPHY, ETC. NOTE
Bibliography, etc Includes bibliographical references.
505 0# - FORMATTED CONTENTS NOTE
Formatted contents note v. 1. Enclosure -- v. 2. Surfaces --
650 #0 - SUBJECT ADDED ENTRY--TOPICAL TERM
Topical term or geographic name as entry element Landscape architecture
9 (RLIN) 184307
Topical term or geographic name as entry element Fences
General subdivision Design and construction
9 (RLIN) 184308
Topical term or geographic name as entry element Garden walks
General subdivision Design and construction.
9 (RLIN) 184309
Topical term or geographic name as entry element Walls
General subdivision Design and construction.
9 (RLIN) 184310
942 ## - ADDED ENTRY ELEMENTS (KOHA)
Source of classification or shelving scheme Dewey Decimal Classification
Koha item type Books
Holdings
Lost status Source of classification or shelving scheme Damaged status Not for loan Collection code Permanent Location Current Location Shelving location Date acquired Source of acquisition Cost, normal purchase price Total Checkouts Full call number Date last seen Copy number Koha item type
  Dewey Decimal Classification   Not For Loan Non-fiction Central Library, University of Rajshahi Central Library, University of Rajshahi Reading Room 08/10/2005 Dhaka, Paragon Enterprises 250.00   717 LIL V-1 1994 22/01/2017 C-1 Books
  Dewey Decimal Classification   Not For Loan Non-fiction Central Library, University of Rajshahi Central Library, University of Rajshahi Reading Room 08/10/2005 Dhaka, Paragon Enterprises 250.00   717 LIL V-2 1994 22/01/2017 C-1 Books